000 01017nam0a22003131 4500
001 v19\rc\1904719
005 20260407121951.0
035 _a(NLR Aleph) 004993800
090 _a6314099
_c6314099
100 _a20080404d1911 u y0rusy50 ca
101 0 _arus
102 _aRU
105 _aag z |||||
200 1 _aНаставление для обучения войск гимнастике
_eВыс. утв. 4 нояб. 1910 г.
210 _aСанкт-Петербург
_cВ. Березовский
_d1911
215 _a234 с.
_cил., нот.
_d15
740 1 _aРоссия
_tВоенные уставы и наставления
_3RU\NLR\AUTH\889957977
_9412039
801 0 _aRU
_bNLR
_gpsbo
801 0 _aRU
_bRuMoRGB
_2psbo
801 1 _aRU
_bProSoft-M
_2rusmarc
852 _aNLR
_j38.56.8.19
852 _aNLR
_j38.56.8.11
899 _aRuMoRGB
_jU 72/279
899 _aRuMoRGB
_jU 79/525
899 _aRuMoRGB
_jE 77/441
899 _aRuMoRGB
_jΔ 493/65
899 _aБАН
942 _cBOOK
980 _aNB